| 000 | 02559cam a2200433 i 4500 | ||
|---|---|---|---|
| 001 | 23088357 | ||
| 005 | 20250523065256.0 | ||
| 008 | 230501t20192019enka 000 j dan d | ||
| 010 | _a 2023287432 | ||
| 015 |
_aGBB9G7689 _2bnb |
||
| 020 | _a9781529303117 | ||
| 035 | _a(OCoLC)on1090849653 | ||
| 040 |
_aYDX _beng _erda _cYDX _dUKMGB _dOCLCO _dOCLCF _dEXR _dJTH _dGK8 _dOCL _dMNU _dOCLCO _dEAU _dWAU _dOCLCO _dOCL _dDLC |
||
| 041 | 0 |
_aeng _adan |
|
| 042 | _alccopycat | ||
| 050 | 0 | 0 |
_aPD3117 _b.S56 2019 |
| 100 |
_aRichards, Olly _912403 _eauthor |
||
| 245 | 0 | 0 |
_aShort stories in Danish _b: read for pleasure at your level and learn Danish the fun way! _c/ Olly Richards ; series editor, Rebecca Moeller ; development editor, Aisha Aslam McDonald. |
| 246 | 3 | 4 | _aShort stories in Danish for beginners |
| 260 |
_aLondon : _bJohn Murray Learning, _c2019. |
||
| 300 |
_axiv, 240 pages : _billustrations ; _c20 cm. |
||
| 490 | _aTeach yourself | ||
| 490 | _aForeign language graded reader series | ||
| 505 | 0 | _aAbout the author — Introduction — How to read effectively — The six-step reading process — Skøre frikadeller — En megeet usædvanlig udflugt — Ridderen — Uret — Kisten — Den nye verden — Den usynlige kvinde — Rumkapslen — Answer key — Danish-English glossary. | |
| 505 | 0 | _aMapped to A2-B1 on the Common European Framework of Reference — A glossary for bolded words in each text — A bilingual word list — Full plot summary — Comprehension questions after each chapter. | |
| 520 | _aShort Stories in Danish for Beginners has been written especially for students from beginner to low-intermediate level, designed to give a sense of achievement, a feeling of progress and most importantly - enjoyment! Mapped to A1-B1 on the Common European Framework of Reference, these eight captivating stories are designed to give you a sense of achievement and a feeling of progress when reading. | ||
| 650 | 0 |
_aDanish language _vReaders _925309 |
|
| 650 | 0 |
_aDanish language _vTextbooks for foreign speakers _xEnglish _925310 |
|
| 650 | 0 |
_aDanish language _xStudy and teaching _xForeign speakers _925311 |
|
| 650 | 0 |
_aReading comprehension _vProblems, exercises, etc. _925107 |
|
| 650 | 0 |
_aShort stories, Danish _925312 |
|
| 655 | 0 |
_aReaders (Publications) _925108 |
|
| 655 | 0 |
_aShort stories _922375 |
|
| 655 | 0 |
_aInstructional and educational works _923270 |
|
| 655 | 0 |
_aSelf-instructional works _925331 |
|
| 700 |
_aMoeller, Rebecca Klevberg _eeditor _925299 |
||
| 700 |
_aMcDonald, Aisha Aslam _eeditor _925313 |
||
| 942 | _2lcc | ||
| 999 |
_c4696 _d4696 |
||